Top 10 Premier League Non - Winning Scorers - Statistics

General Stats
  • This quiz has been taken 39 times
  • The average score is 5 of 10
Answer Stats
Goals Answer % Correct
120 Gerrard
73%
152 Kane
73%
163 Fowler
70%
162 Defoe
64%
108 Crouch
45%
149 Ferdinand
45%
110 Heskey
45%
113 Lukaku
36%
127 Hasselbaink
33%
126 Keane
33%
No matching quizzes found
Score Distribution
Percent of People with Each Score
Percentile by Number Answered
Your Score History
You have not taken this quiz